| 000 -LEADER |
| fixed length control field |
00938cam a2200205 a 4500 |
| 020 ## - INTERNATIONAL STANDARD BOOK NUMBER |
| ISBN |
0198536291 : |
| 040 ## - CATALOGING SOURCE |
| Transcribing agency |
DLC |
| 082 00 - DEWEY DECIMAL CLASSIFICATION NUMBER |
| Classification number |
516 OXF 1989 A034 Or. |
| 245 04 - TITLE STATEMENT |
| Title |
The Mathematics of surfaces III : |
| Remainder of title |
based on the proceedings of a conference organized by the Institute of Mathematics and Its Applications on the mathematics of surfaces, held at Keble College, Oxford in September 1988 / |
| 260 ## - PUBLICATION, DISTRIBUTION, ETC. (IMPRINT) |
| Place of publication |
Oxford : |
| Name of publisher |
Clarendon ; |
| Place of publication |
New York : |
| Name of publisher |
Oxford University Press, |
| Year of publication |
c1989. |
| 300 ## - PHYSICAL DESCRIPTION |
| Number of Pages |
493 p. : |
| Other physical details |
ill. ; |
| Dimensions |
25 cm. |
| 500 ## - GENERAL NOTE |
| General note |
The third IMA Conference on the Mathematics of Surfaces was held on 19-21, Sept. 1988 in Oxford. |
| 650 #0 - SUBJECT ADDED ENTRY--TOPICAL TERM |
| Topical Term |
Surfaces |
| 650 #0 - SUBJECT ADDED ENTRY--TOPICAL TERM |
| Topical Term |
Geometry |
| 700 1# - ADDED ENTRY--PERSONAL NAME |
| Personal name |
Handscomb, D. C. |
| 710 2# - ADDED ENTRY--CORPORATE NAME |
| Corporate name or jurisdiction name as entry element |
Institute of Mathematics and Its Applications. |
| 856 42 - ELECTRONIC LOCATION AND ACCESS |
| Uniform Resource Identifier |
http://www.loc.gov/catdir/enhancements/fy0635/89023001-d.html |
| 856 41 - ELECTRONIC LOCATION AND ACCESS |
| Uniform Resource Identifier |
http://www.loc.gov/catdir/enhancements/fy0635/89023001-t.html |
| 942 ## - ADDED ENTRY ELEMENTS (KOHA) |
| Koha item type |
សៀវភៅភាសាអង់គ្លេស |
| 952 ## - LOCATION AND ITEM INFORMATION (KOHA) |
| Withdrawn status [LOCAL, KOHA] |
0 |